| 000 -LEADER |
| fixed length control field |
00385cam a22001337a 4500 |
| 008 - FIXED-LENGTH DATA ELEMENTS--GENERAL INFORMATION |
| fixed length control field |
180718b1922 xxu||||| |||| 00| 0 eng d |
| 082 ## - DEWEY DECIMAL CLASSIFICATION NUMBER |
| Classification number |
T391x54 J533 |
| 100 ## - MAIN ENTRY--PERSONAL NAME |
| Personal name |
Jevons, H. Stanley |
| 245 ## - TITLE STATEMENT |
| Title |
The Future of exchange and the Indian currency |
| Statement of responsibility, etc. |
by H. Stanley Jevons |
| 260 ## - PUBLICATION, DISTRIBUTION, ETC. |
| Place of publication, distribution, etc. |
London |
| Name of publisher, distributor, etc. |
OUP |
| Date of publication, distribution, etc. |
1922 |
| 300 ## - PHYSICAL DESCRIPTION |
| Extent |
261p. |
| 650 ## - SUBJECT ADDED ENTRY--TOPICAL TERM |
| Topical term or geographic name entry element |
Money - India |
| 650 ## - SUBJECT ADDED ENTRY--TOPICAL TERM |
| Topical term or geographic name entry element |
Foreign Exchange - India |